| 000 | 00877nam a2200229 i 4500 | ||
|---|---|---|---|
| 001 | bg | ||
| 100 | 1 | _aABRAMEK, Wiktor | |
| 245 | 0 | 0 |
_aKonstrukcje betonowe : _bprzykłady obliczeń przekrojów żelbetowych metodą stanów granicznych. _nCz. 1, _pZginanie i ścinanie / _cWiktor Abramek. |
| 260 |
_aOpole : _bWSI, _c1994. |
||
| 300 |
_a197 s. : _brys., 1 wykr. ; _c24 cm. |
||
| 490 | 1 |
_aSkrypt Uczelniany / Wyższa Szkoła Inżynierska w Opolu, _x0860-9004 ; _vnr 169 |
|
| 504 | _aBibliogr., normy s. 170. | ||
| 650 | 9 |
_aKonstrukcje żelbetowe _xprojekty |
|
| 650 | 9 | _aWytrzymałość materiałów | |
| 655 | _aPodręczniki akademickie | ||
| 830 | 0 |
_aSkrypt Uczelniany (Wyższa Szkoła Inżynierska w Opolu) ; _vnr 169 |
|
| 040 | _cBPK | ||
| 041 | 0 | _apl | |
| 080 | _a624.01/.07:666.97/.98:539.3/.4:519.6](075.8) | ||
| 942 | _cKS | ||
| 008 | s pl f |000 0 pol | ||
| 999 |
_c6748 _d6748 |
||
| 856 |
_uhttp://koha.tu.koszalin.pl/cgi-bin/koha/opac-detail.pl?biblionumber=6748 _yKatalog online BPK |
||